| 000 | 00475cam a2200181ua 4500 | ||
|---|---|---|---|
| 001 | 6310 | ||
| 008 | 131128n ii |||gr||||Z||||||eng | ||
| 040 | _cMAIN | ||
| 082 | _a651.26 | ||
| 245 | 1 | 1 |
_aBusiness methods and machinery : _bVol I / _cBy A.N. Agarwala . |
| 250 | _a14th ed. | ||
| 260 |
_aAllahabad: _bKitab mahal, _c1974. |
||
| 300 | _aiv,398p. | ||
| 653 | _aCommerce | ||
| 653 | _aBusiness methods and machinery | ||
| 700 | 1 |
_aAgarwala,A.N., _eAuthor. |
|
| 942 | _cBK | ||
| 999 |
_c5462 _d5462 |
||